000 00539nam a2200181Ia 4500
999 _c21216
_d21216
003 OSt
005 20200624143739.0
008 190216s9999||||xx |||||||||||||| ||und||
020 _a9798126130602
040 _coclc
082 _a954.0350922
_bGUP/G
100 _aGupta, Shantinath
_93200
245 0 _aGreat Freedom Fighters Of India /
_cShantinath Gupta
260 _bAnmol Publications,
_aNew Delhi:
_c2006.
300 _a287p
650 _aHistory
942 _cBK
_2ddc
_h954.0350922
_iGUP/G
_k954.0350922
_mGUP/G